000 00530nam a2200181 i 4500
001 128581
003 ES-MaACL
005 20230906193321.0
007 t|
008 070518s1976 sp ||||1| spa d
080 _a712(02)
100 1 _aTandy, Cliff.
_9109186
245 1 0 _aManual de paisaje urbano /
_cdirector de la edición Cliff Tandy ; [traducción: Equipo Solución].
250 _a[1ª ed.].
260 _aMadrid :
_bH. Blume,
_c[1976]
300 _a354 p. :
_bil. ;
_c30 cm.
852 _aES-MaACL
_jA-6242
_bR.95476
999 _c128581
_d128581